| 000 | 00523nam a22001457a 4500 | ||
|---|---|---|---|
| 082 | _a621 | ||
| 100 |
_aMalik, Hassan Safdar _9122368 |
||
| 245 |
_aComparitive Analysis of Thermal Comfort Surveys with CFD Simulations / _cHassan Safdar Malik |
||
| 264 |
_aIslamabad : _bSMME- NUST; _c2022. |
||
| 300 |
_a82p. _bSoft Copy _c30cm |
||
| 650 |
_aMS Mechanical Engineering _9119495 |
||
| 700 |
_aSupervisor : Dr. waqas khalid _9119579 |
||
| 856 | _uhttp://10.250.8.41:8080/xmlui/handle/123456789/30976 | ||
| 942 |
_2ddc _cTHE |
||
| 999 |
_c608865 _d608865 |
||